00577 2200193 4500001002100000005001700021035002400038090002000062100001900082245008900101260006000190300002800250650001700278850001200295990001800307990001800325990002000343990002000363YOGYA00000000004636020161115110124.0 0010-081400000046078 aDEP 330.1 Soe P aSoetrisno, m.h aPengantar ilmu ekonomi : dilengkapi dengan sejarah pemikiran ekonomicSoetrisno, m.h aYogyakartabYayasan Institut Pendidikan Indonesiac1980 a241 hlm.bilus.c21 cm. aIlmu ekonomi aYOPDYOG a084 / 18758-p a085 / 18759-p aCB-D.11/1980-84 aCB-D.11/1980-85